| 000 | 01943nam a22002297a 4500 | ||
|---|---|---|---|
| 005 | 20260401140009.0 | ||
| 008 | 260401b |||||||| |||| 00| 0 eng d | ||
| 020 | _a9789354668234 | ||
| 040 | _cAL | ||
| 041 | _aeng | ||
| 082 |
_a333.79 _bJAIE |
||
| 100 |
_aRakesh Jain _9259992 |
||
| 245 | _aEnergy and environment management | ||
| 260 |
_aNew Delhi _bCBS Publishers and Distributors Pvt Ltd _c2024 |
||
| 300 |
_avii,182p _bPB _c24x17cm |
||
| 365 |
_2General _aVBI-2645 _b₹296.25 _c₹ _d₹395.00 _e25% _f20-02-2026 |
||
| 520 | _aThis is a useful resource for the students, practicing engineers, managers and other professionals for getting an insight into energy and environment management which are becoming increasingly important. Energy is essential for survival of the civilization and development of nations. Expenses on energy can be easily monitored to improve profitability. It is difficult to find a single book on energy and environment management. One of the authors carried out energy and environmental audits for five years. His experience on energy and environmental issues of an oil refinery for ISO 9000 and ISO 14000 certifications helped him in providing over 63 true case studies. Hands-on energy audit, environmental audit, eight years in complex process industry, and a doctorate in communications and feedback skills helped him to cover the above interestingly in this book. He has written seven books and prepared courses on Udemy, world's best online training platform. The combined knowledge of both the authors, besides their long experience in industry, energy and environmental audits, has added a great value to this book. Their experience of teaching the above subjects in a reputed university has contributed in making this book extremely useful to the reader | ||
| 650 |
_aMachine and Equipment _9259993 |
||
| 650 |
_aAudit Case Studies _9259994 |
||
| 700 |
_aGupta, Arvind _9259995 |
||
| 942 |
_2ddc _cBK |
||
| 999 |
_c241101 _d241101 |
||